[Event "AZE-ch (Women)"]
[Site "Baku"]
[Date "2024.02.11"]
[Round "1"]
[White "Hasanova, Turkan"]
[Black "Huseynova, Dinara"]
[Result "1-0"]
[WhiteElo "2000"]
[BlackElo "1453"]
[PlyCount "49"]
[EventDate "2024.02.11"]
[EventType "swiss"]
[EventRounds "7"]
[EventCountry "AZE"]
[SourceTitle "CB09_2024"]
[SourceDate "2024.02.28"]
[SourceVersion "1"]
[SourceVersionDate "2024.02.28"]
[SourceQuality "1"]

1. d4 Nf6 2. Bf4 b6 3. Nf3 Bb7 4. e3 e6 5. Nbd2 d6 6. Bd3 Nbd7 7. c3 g6 8. Qc2 Bg7 9. h4 Qe7 10. Ne4 0-0-0 11. a4 e5 12. Bg5 exd4 13. Nxf6 Bxf6 14. cxd4 Bxg5 15. hxg5 Bxf3 16. gxf3 Qxg5 17. Ba6+ Kb8 18. a5 c5 19. Qa4 Kc7 20. Bd3 Ra8 21. Be4 d5 22. f4 Qe7 23. Bxd5 Rab8 24. axb6+ axb6 25. Qd1 1-0

[Event "World ol U16"]
[Site "Nakhchivan"]
[Date "2022.10.04"]
[Round "3.15"]
[White "Huseynova, Dinara"]
[Black "Jacobs, Elsje"]
[Result "1-0"]
[WhiteElo "1257"]
[BlackElo "1168"]
[PlyCount "125"]
[EventDate "2022.10.02"]
[EventType "team-swiss"]
[EventRounds "9"]
[EventCountry "AZE"]
[SourceTitle "CBM 210 Extra"]
[Source "ChessBase"]
[SourceDate "2022.11.30"]
[SourceVersion "1"]
[SourceVersionDate "2022.11.30"]
[SourceQuality "1"]
[WhiteTeam "Azerbaijan III"]
[BlackTeam "South Africa III"]
[WhiteTeamCountry "AZE"]
[BlackTeamCountry "RSA"]

1. e4 c6 2. d4 d5 3. exd5 cxd5 4. Bd3 Nc6 5. c3 Nf6 6. Bf4 g6 7. Nf3 Bg7 8. 0-0 Bg4 9. Nbd2 0-0 10. Re1 Re8 11. h3 Bh5 12. Qb3 Bxf3 13. Nxf3 Qd7 14. Ne5 Qc8 15. Bg5 e6 16. f4 Nd7 17. Nxd7 Qxd7 18. Rad1 a6 19. Qc2 b5 20. a3 Rac8 21. Qf2 Qa7 22. Kh1 Na5 23. g4 Nc4 24. Rf1 f5 25. Bxc4 dxc4 26. Rde1 Qb7+ 27. Qf3 Qd5 28. Re3 Kf7 29. Rfe1 Bf8 30. Kg1 Qxf3 31. Rxf3 a5 32. gxf5 exf5 33. Re5 Rxe5 34. dxe5 Be7 35. Bxe7 Kxe7 36. Kf2 Rd8 37. Ke2 Ke6 38. h4 Rb8 39. Kd2 b4 40. cxb4 axb4 41. axb4 Rxb4 42. Kc2 Kd5 43. Rf1 Ke4 44. e6 Rb8 45. e7 Re8 46. Kd2 h6 47. Rf2 Kd5 48. Re2 Kd6 49. Kc3 Rxe7 50. Rxe7 Kxe7 51. Kxc4 g5 52. fxg5 hxg5 53. hxg5 Ke6 54. b4 f4 55. b5 Kf5 56. b6 Kxg5 57. b7 Kg4 58. b8Q Kg3 59. Kd3 Kf3 60. Kd2 Kg3 61. Ke2 Kg2 62. Qg8+ Kh2 63. Kf3 1-0

[Event "Wch FIDE Online U10 Girls Europe qual"]
[Site "Tornelo INT"]
[Date "2020.12.09"]
[Round "6"]
[White "Preobrazhenskaya, Diana"]
[Black "Huseynova, Dinara"]
[Result "1-0"]
[WhiteElo "1498"]
[BlackElo "1242"]
[PlyCount "111"]
[EventDate "2020.12.07"]
[EventType "swiss (rapid)"]
[EventRounds "7"]
[EventCountry "ISS"]
[SourceTitle "EXT 2022"]
[Source "ChessBase"]
[SourceDate "2021.10.06"]
[SourceVersion "1"]
[SourceVersionDate "2021.10.06"]
[SourceQuality "1"]

1. e4 c6 2. d4 d5 3. exd5 cxd5 4. Bd3 Nc6 5. c3 Nf6 6. Bf4 h6 7. Nd2 e6 8. Ngf3 Bd6 9. Bxd6 Qxd6 10. 0-0 0-0 11. Re1 Re8 12. Ne5 Nd7 13. f4 Ndxe5 14. fxe5 Qd8 15. Nf3 Bd7 16. Bc2 a5 17. Qd3 g6 18. h4 Ne7 19. Qe3 Kg7 20. Qf4 Ng8 21. h5 g5 22. Qd2 Bb5 23. a4 Ba6 24. Bb1 Kf8 25. b4 axb4 26. cxb4 Bc4 27. Qb2 Rc8 28. Nd2 b6 29. b5 Qe7 30. Bc2 Red8 31. Rac1 Rc7 32. Bb1 Rdc8 33. Nxc4 Rxc4 34. Rxc4 Rxc4 35. Bd3 Qb4 36. Qe2 Rxd4 37. Rc1 Qb3 38. Rc8+ Kg7 39. Bc2 Qg3 40. Rc6 Qf4 41. Rxb6 Qg4 42. Qxg4 Rxg4 43. a5 Rc4 44. Bd3 Rc1+ 45. Kf2 Ne7 46. a6 Nc8 47. Rb8 Na7 48. b6 Nc6 49. a7 Nxa7 50. bxa7 Ra1 51. a8Q Rxa8 52. Rxa8 f6 53. Ra7+ Kf8 54. exf6 Ke8 55. Bg6+ Kf8 56. Ra8# 1-0

[Event "Wch FIDE Online U10 Girls Europe qual"]
[Site "Tornelo INT"]
[Date "2020.12.08"]
[Round "5"]
[White "Huseynova, Dinara"]
[Black "Bashirli, Saadat"]
[Result "1-0"]
[WhiteElo "1242"]
[BlackElo "1344"]
[PlyCount "59"]
[EventDate "2020.12.07"]
[EventType "swiss (rapid)"]
[EventRounds "7"]
[EventCountry "ISS"]
[SourceTitle "EXT 2022"]
[Source "ChessBase"]
[SourceDate "2021.10.06"]
[SourceVersion "1"]
[SourceVersionDate "2021.10.06"]
[SourceQuality "1"]

1. e4 c5 2. Nf3 g6 3. d4 cxd4 4. Nxd4 Nc6 5. Bb5 Bg7 6. Be3 Nf6 7. Nc3 0-0 8. 0-0 Nxd4 9. Bxd4 d6 10. Re1 Be6 11. Bd3 d5 12. e5 Nd7 13. f4 Nb6 14. b3 Rc8 15. Qf3 f6 16. exf6 Bxf6 17. Bxf6 Rxf6 18. Nb5 a6 19. Nd4 Qd6 20. Nxe6 Rxe6 21. Rxe6 Qxe6 22. f5 Qf6 23. Rf1 Qd4+ 24. Kh1 g5 25. f6 exf6 26. Qf5 Rc7 27. Qe6+ Kg7 28. Qf5 Kh8 29. Re1 Nd7 30. Qxh7# 1-0

[Event "Wch FIDE Online U10 Girls Europe qual"]
[Site "Tornelo INT"]
[Date "2020.12.08"]
[Round "4"]
[White "Kuznecova, Marija"]
[Black "Huseynova, Dinara"]
[Result "0-1"]
[WhiteElo "1601"]
[BlackElo "1242"]
[PlyCount "72"]
[EventDate "2020.12.07"]
[EventType "swiss (rapid)"]
[EventRounds "7"]
[EventCountry "ISS"]
[SourceTitle "EXT 2022"]
[Source "ChessBase"]
[SourceDate "2021.10.06"]
[SourceVersion "1"]
[SourceVersionDate "2021.10.06"]
[SourceQuality "1"]

1. d4 d5 2. Bf4 c6 3. e3 Nf6 4. c4 Bf5 5. Qb3 Qb6 6. c5 Qxb3 7. axb3 a6 8. b4 e6 9. f3 Be7 10. g4 Bg6 11. h4 h6 12. Kd2 0-0 13. Ne2 Nbd7 14. Nc1 b6 15. Nc3 a5 16. b5 bxc5 17. bxc6 Nb6 18. Bc7 Nc4+ 19. Bxc4 dxc4 20. Rxa5 cxd4 21. exd4 Bb4 22. Rxa8 Rxa8 23. Be5 Nd5 24. f4 f6 25. h5 Bh7 26. Re1 fxe5 27. fxe5 Rc8 28. N1a2 Rxc6 29. Nxb4 Nxb4 30. Ra1 Rc8 31. Ra4 Rb8 32. Na2 Nxa2 33. Rxa2 Bd3 34. Kc3 Rb3+ 35. Kd2 Be4 36. Ra8+ Bxa8 0-1

[Event "EU-ch U08 Girls"]
[Site "Bratislava"]
[Date "2019.08.08"]
[Round "7"]
[White "Huseynova, Dinara"]
[Black "Matskevich, Varvara"]
[Result "0-1"]
[WhiteElo "1207"]
[BlackElo "1163"]
[PlyCount "70"]
[EventDate "2019.08.02"]
[EventType "swiss"]
[EventRounds "9"]
[EventCountry "SVK"]
[SourceTitle "EXT 2020"]
[Source "ChessBase"]
[SourceDate "2019.10.17"]
[SourceVersion "1"]
[SourceVersionDate "2019.10.17"]
[SourceQuality "1"]

1. e4 c5 2. Nf3 Nc6 3. Nc3 a6 4. d4 cxd4 5. Nxd4 d6 6. Bc4 e6 7. 0-0 Nf6 8. Bg5 Be7 9. Bxf6 Bxf6 10. Nxc6 bxc6 11. Re1 0-0 12. Rb1 Qc7 13. Ne2 d5 14. exd5 cxd5 15. Bd3 Qa5 16. a3 Bd7 17. Ng3 g6 18. Qf3 Bg7 19. h4 Bb5 20. Bxb5 Qxb5 21. h5 Rab8 22. b3 Rfc8 23. hxg6 hxg6 24. Re2 Rc3 25. Qg4 Rbc8 26. Kh2 Rxc2 27. a4 Qc6 28. Rbe1 Rxe2 29. Rxe2 Qb6 30. b4 Rc4 31. a5 Qxb4 32. Qf3 Rh4+ 33. Kg1 Qb1+ 34. Nf1 Qxf1+ 35. Kxf1 Rh1# 0-1

[Event "EU-ch U08 Girls"]
[Site "Bratislava"]
[Date "2019.08.04"]
[Round "3"]
[White "Mateeva, Yana"]
[Black "Huseynova, Dinara"]
[Result "0-1"]
[WhiteElo "1106"]
[BlackElo "1207"]
[PlyCount "44"]
[EventDate "2019.08.02"]
[EventType "swiss"]
[EventRounds "9"]
[EventCountry "SVK"]
[SourceTitle "EXT 2020"]
[Source "ChessBase"]
[SourceDate "2019.10.17"]
[SourceVersion "1"]
[SourceVersionDate "2019.10.17"]
[SourceQuality "1"]

1. Nf3 c6 2. g3 d5 3. Bg2 Nf6 4. 0-0 Bf5 5. c4 e6 6. b3 Bd6 7. Bb2 Nbd7 8. d3 0-0 9. Nbd2 a6 10. Qc2 Rc8 11. e4 dxe4 12. dxe4 Bg6 13. Nh4 b5 14. Rfe1 Bb4 15. a3 Bxd2 16. Qxd2 Qc7 17. Nxg6 fxg6 18. e5 Ng4 19. Bh3 Rxf2 20. Qd4 Ngxe5 21. Bxe6+ Kh8 22. Bxd7 Nf3+ 0-1